Loading...

Trading manual on ISO 9000 and TQM

Bibliographic Details
Main Author: Gyani, Girdhar
Format: Printed Book
Language:Undetermined
English
Published: Jaipur Raj publishing house 1997
LEADER 00506nam a2200157Ia 4500
008 140306s9999 xx 000 0 und d
041 |a eng 
082 |a 658.3  |b GYA/TR 
100 |a Gyani, Girdhar 
245 |a Trading manual on ISO 9000 and TQM 
260 |a Jaipur  |b Raj publishing house  |c 1997 
300 |a 131 
365 |b Rs.250 
942 |2 ddc  |c BK 
999 |c 185173  |d 185173 
952 |0 0  |1 0  |2 ddc  |4 0  |6 658_300000000000000_GYA_TR  |7 0  |9 191043  |a KAUCBV  |b KAUCBV  |d 2004-09-03  |g 250.00  |o 658.3 GYA/TR  |r 2014-03-22  |w 2014-03-22  |y BK